| 000 | 00828nam a2200193Ia 4500 | ||
|---|---|---|---|
| 001 | 11333 | ||
| 003 | GE_BSU | ||
| 008 | 181216s||||||||xx |||||||||||||| ||und|| | ||
| 040 | _cGE_BSU | ||
| 080 | _a581.522.4 | ||
| 245 | _aმცენარეთა ინტროდუქცია და მწვანე მშენებლობა | ||
| 245 | _cრედ: ჯ. კერესელიძე, რედკოლეგია მ.ლორია, თ ჭკუასელი, მ. გვრიტიშვილი და სხვ. | ||
| 260 | _aთბილისი | ||
| 260 | _bმეცნიერება | ||
| 260 | _c2000 | ||
| 300 | _a299გვ.20სმ. | ||
| 653 | _aმცენარეთა ინტროდუქცია და მწვანე მშენებლობა | ||
| 942 | _cBK | ||
| 999 |
_c44530 _d44530 |
||